000 00438nam a2200169Ia 4500
008 090123s9999 xx 000 0 und d
082 _b7852
_a891.463/बोरक
100 _aबोरकर वि.ज.
245 _aजिराफ
250 _a1
300 _a180
600 _aबोरकर वि.ज.
630 _aजिराफ
700 _aबोरकर वि.ज.
730 _aजिराफ
942 _cBOOK
999 _c45918
_d45918